Detalles MARC
| 000 -CABECERA |
| Longitud fija campo de control |
01745nam a2200433 c 4500 |
| 001 - NÚMERO DE CONTROL |
| Número de control |
51598 |
| 003 - IDENTIFICADOR DE NÚMERO DE CONTROL |
| Identificador del número de control |
ES-MaCES |
| 005 - FECHA Y HORA DE LA ÚLTIMA TRANSACCIÓN |
| Fecha y hora de la última transacción |
20201125112040.0 |
| 007 - PHYSICAL DESCRIPTION FIXED FIELD--GENERAL INFORMAT |
| Campo fijo de descripción física |
cr ||||||||||| |
| 008 - CAMPO FIJO DE DESCRIPCIÓN FIJA--INFORMACIÓN GENERAL |
| Códigos de información de longitud fija |
201124s2019 sp r i000 | spa d |
| 020 ## - ISBN (INTERNATIONAL STANDARD BOOK NUMBER) |
| Número Internacional Normalizado para Libros (ISBN) |
97892-21340829 |
| 020 ## - ISBN (INTERNATIONAL STANDARD BOOK NUMBER) |
| Número Internacional Normalizado para Libros (ISBN) |
9789221340836 (pdf web) |
| 040 ## - FUENTE DE CATALOGACIÓN |
| Centro catalogador de origen |
ES-MaCES |
| Lengua de catalogación |
spa |
| Centro transcriptor |
ES-MaCES |
| 041 0# - CÓDIGO DE IDIOMA |
| Código de lengua del texto;banda sonora o título independiente |
spa |
| 041 0# - CÓDIGO DE IDIOMA |
| Código de lengua del texto;banda sonora o título independiente |
spa |
| -- |
fre |
| -- |
eng |
| 100 1# - ENCABEZAMIENTO PRINCIPAL--NOMBRE PERSONAL |
| 9 (RLIN) |
39763 |
| Nombre de persona |
Maul, Daniel |
| 245 13 - MENCIÓN DE TÍTULO |
| Título |
La Organización Internacional del Trabajo |
| Resto del título |
: 100 años de políticas sociales a escala mundial |
| Mención de responsabilidad, etc. |
Daniel Maul |
| 250 ## - MENCIÓN DE EDICIÓN |
| Mención de edición |
1ª ed |
| 260 ## - PUBLICACIÓN, DISTRIBUCIÓN, ETC (PIE DE IMPRENTA) |
| Lugar de publicación, distribución, etc. |
Ginebra |
| Nombre del editor, distribuidor, etc. |
OIT |
| Fecha de publicación, distribución, etc. |
2019 |
| 300 ## - DESCRIPCIÓN FÍSICA |
| Extensión |
X, 320 p. |
| Otras características físicas |
fot. bl. y n. |
| Dimensiones |
1 documento pdf (5.808 kb) |
| 500 ## - NOTA GENERAL |
| Nota general |
Disponible también en francés y en inglés bajo los tits. respectivamente: L’Organisation internationale du Travail :100 ans de politique sociale à l’ échelle mondiale ; The International Labour Organization : 100 years of global social policy |
| 500 ## - NOTA GENERAL |
| Nota general |
Índices |
| 504 ## - NOTA DE BIBLIOGRAFÍA, ETC. |
| Nota de bibliografía, etc. |
Bibliografía: [297]-317 |
| 541 ## - NOTA DE LA FUENTE INMEDIANTE DE ADQUISICIÓN |
| Forma de adquisición |
Compra |
| 650 #4 - ASIENTO SECUNDARIO DE MATERIA--TÉRMINO DE MATERIA |
| Término de materia o nombre geográfico como elemento inicial |
OIT |
| 9 (RLIN) |
26720 |
| 650 #4 - ASIENTO SECUNDARIO DE MATERIA--TÉRMINO DE MATERIA |
| Término de materia o nombre geográfico como elemento inicial |
papel de la OIT |
| 9 (RLIN) |
29112 |
| 650 #4 - ASIENTO SECUNDARIO DE MATERIA--TÉRMINO DE MATERIA |
| Término de materia o nombre geográfico como elemento inicial |
política social |
| 9 (RLIN) |
27029 |
| 650 #4 - ASIENTO SECUNDARIO DE MATERIA--TÉRMINO DE MATERIA |
| Término de materia o nombre geográfico como elemento inicial |
derechos económicos y sociales |
| 9 (RLIN) |
29875 |
| 650 #4 - ASIENTO SECUNDARIO DE MATERIA--TÉRMINO DE MATERIA |
| Término de materia o nombre geográfico como elemento inicial |
actividad normativa de la OIT |
| 9 (RLIN) |
30712 |
| 650 #4 - ASIENTO SECUNDARIO DE MATERIA--TÉRMINO DE MATERIA |
| Término de materia o nombre geográfico como elemento inicial |
1919-2019 |
| 9 (RLIN) |
39583 |
| 650 #4 - ASIENTO SECUNDARIO DE MATERIA--TÉRMINO DE MATERIA |
| Término de materia o nombre geográfico como elemento inicial |
historia |
| 9 (RLIN) |
27251 |
| 653 10 - TÉRMINO DE INDEXACIÓN--NO CONTROLADO |
| Término no controlado |
Organizaciones |
| 710 2# - ENCABEZAMIENTO SECUNDARIO--NOMBRE CORPORATIVO |
| Nombre de entidad o nombre de jurisdicción como elemento inicial |
Organización Internacional del Trabajo |
| 9 (RLIN) |
4739 |
| Término indicativo de función |
ed. |
| 740 22 - ENCABEZAMIENTO SECUNDARIO--TÍTULO ANALÍTICO/RELACIONADO NO CONTROLADO |
| Título relacionado o analítico no controlado |
L’Organisation internationale du Travail :100 ans de politique sociale à l’ échelle mondiale |
| 740 42 - ENCABEZAMIENTO SECUNDARIO--TÍTULO ANALÍTICO/RELACIONADO NO CONTROLADO |
| Título relacionado o analítico no controlado |
The International Labour Organization : 100 years of global social policy |
| 856 4# - ACCESO ELECTRÓNICO |
| Identificador Uniforme del Recurso (URI) |
http://biblioteca.ces.es/repintra/B51598.pdf |
| Texto del enlace |
texto completo |
| Nota pública |
[intranet] |
| 902 ## - CES. TIPO DE DOCUMENTO |
| Tipodoc (006$c Sirtex) |
LIB Libro |
| 942 ## - ELEMENTOS KOHA |
| Fuente de clasificaión o esquema |
Clasificación propia del CES |
| Koha [por defecto] tipo de item |
Monografías |
| Parte de clasificación |
Administración e Inst. Comunitarias |